| 000 | 00397nam a2200133 a 4500 | ||
|---|---|---|---|
| 001 | 000044683 | ||
| 005 | 20201002045541.0 | ||
| 008 | 141216s1987 dr a 000 0 spa d | ||
| 040 |
_aDO-SdBNP _bspa _cBNPHU |
||
| 082 |
_axxxx _bxxxx |
||
| 245 | 0 | 0 |
_aAsdrúbal Domínguez : _bun artista y su tiempo. |
| 260 |
_aSanto Domingo : _bGalería de Arte Moderno, _c[1987?]. |
||
| 300 |
_a[12] p. : _bil. ; _c20 cm. |
||
| 999 |
_c44172 _d44172 |
||